000 00549nam a2200193Ia 4500
005 20250923145826.0
008 008 250917s9999 xx 000 0 eng d
037 _aTextual
040 _aDSWL
_beng
_cDSWL
041 _aeng
_2eng
084 _aY15:431.2x, N89
_qDSWL
245 0 _aWidows, abondoned and destitute women in India
_cEd.by P. Dandvate
260 _aNew Delhi
_b Radiant
_c1989
300 _axii,97p.
365 _aINR
_b100.00
925 _g100.00
942 _cTEXL
_hY15:431.2x, N89
999 _c1456166
_d1456166